| 000 | 00456nam a2200193Ia 4500 | ||
|---|---|---|---|
| 008 | 210210b1994 xxu||||| |||| 00| 0 eng d | ||
| 020 | _a8120800826 | ||
| 041 | _aeng | ||
| 082 | _aS891.2 KALM | ||
| 100 | _aKALE (M R) | ||
| 245 | _aMrichchhakatika of sudraka | ||
| 260 |
_aDelhi _bMotilal Banarsidass _c1994 |
||
| 300 | _a1xx,600 | ||
| 650 | _asudraka | ||
| 650 | _aof | ||
| 650 | _aMrichchhakatika | ||
| 690 | _aSanskrit Drama | ||
| 906 | _a061974 | ||
| 999 |
_c115921 _d115921 |
||